000
00355nam a2200157Ia 4500
003
OSt
005
20240212111030.0
008
170523s9999 xx 000 0 und d
020
_a
0070594104
040
_c
IIMTU MEERUT
100
_a
PERREAULT- MC CARTHY
245
0
_a
BASIC MARKETING
260
_b
TATA MC GRAW HILL
260
_c
2005
942
_2
ddc
_c
02
999
_c
1297
_d
1297